Ethel Cain Discography - Statistics

General Stats
  • This quiz has been taken 11 times
  • The average score is 13 of 16
Answer Stats
Hint Answer % Correct
2022 American Teenager
100%
2019 Golden Age
100%
2021 Inbred
100%
2025 Perverts
100%
2022 Preacher's Daughter
100%
2022 Strangers
100%
2025 Willoughby Tucker, I'll Always Love You
100%
2021 Crush
91%
2022 Gibson Girl
91%
2025 Nettles
91%
2019 Carpet Bed
82%
2025 Fuck Me Eyes
82%
2024 Punish
64%
2021 Michelle Pfeiffer
45%
2024 For Sure
36%
2023 Famous Last Words (An Ode to Eaters)
27%
No matching quizzes found
Score Distribution
Percent of People with Each Score
Percentile by Number Answered
Your Score History
You have not taken this quiz